00476nam a2200145 a 4500001000500000005001700005008004100022020001800063050001700081100001600098245004600114260003500160300003500195520010000230408320140414132020.0081222s19uu xx 00 eng d a0-439-42591-3 aTRbSI3 2002 aMay, Darcy. aSilent night /cillustrated by Darcy May. aNew York :bScholastic,c2002. a1 v. (unpaged) : col. ill., mu aAn illustrated version of the well-known German Christmas hymn celebrating the birth of Christ.